| 000 | 005830000a22001810004500 | ||
|---|---|---|---|
| 003 | MACL | ||
| 005 | 20160422151455.0 | ||
| 008 | 160422b xxu||||| |||| 00| 0 eng d | ||
| 040 |
_aMACL _cMACL |
||
| 041 | _aHindi | ||
| 082 | _a800 SHU | ||
| 100 |
_aशुक्ल केसरो नारायण _953374 |
||
| 245 | _aरूसी साहित्य का इतिहास | ||
| 260 |
_bहिन्दी समिति सूचना विभाग _c1963 _aलखनउ |
||
| 350 | _a7 | ||
| 650 |
_aLiterature _953375 |
||
| 942 |
_cHIN _k800/SHU/L _2ddc |
||
| 999 |
_c22552 _d22552 |
||